| 000 | 00000nam 2200000za 4500 |
| 001 | 9.700118 |
| 003 | CaOODSP |
| 005 | 20210625000706 |
| 007 | cr ||||||||||| |
| 008 | 150407|2012||||xxc|||||o f|0| 0 eng d |
| 040 | |aCaOODSP|beng |
| 043 | |an-cn--- |
| 086 | 1 |aNH21-1/2012E-PDF |
| 110 | 2 |aCanada Mortgage and Housing Corporation. |
| 245 | 10|aBuying your first home in Canada |h[electronic resource] : |bwhat newcomers need to know. |
| 260 | |aOttawa : |bCanada Mortgage and Housing Corporation, |cc2012. |
| 300 | |a11 p.|bphotographs |
| 590 | |a14-20-Supp|b2014-11-25 |
| 775 | 08|tL'achat de votre première maison au Canada : |w(CaOODSP)9.644023 |
| 775 | 08|tBuying your first home in Canada |w(CaOODSP)9.801393 |
| 775 | 08|tBuying your first home in Canada |w(CaOODSP)9.801397 |
| 775 | 08|tL'achat de votre première maison au Canada |w(CaOODSP)9.801398 |
| 775 | 08|tBuying your first home in Canada |w(CaOODSP)9.801402 |
| 775 | 08|tL'achat de votre première maison au Canada |w(CaOODSP)9.801403 |
| 775 | 08|t[Buying your first home in Canada |w(CaOODSP)9.822378 |
| 775 | 08|t[Buying your first home in Canada |w(CaOODSP)9.822386 |
| 775 | 08|t[Buying your first home in Canada |w(CaOODSP)9.822389 |
| 856 | 40|ahttp://publications.gc.ca|qPDF|s261 KB|uhttps://publications.gc.ca/collections/collection_2014/schl-cmhc/NH21-1-2012-eng.pdf |